000 00265nam a22001217a 4500
082 _a337 KIN'I
100 _aKINDLEBERGER, CHARLES P
_976190
245 _aINTERNATIONAL ECONOMICS
250 _a5T
260 _aLAHORE
_bBILAL
_c1973
300 _a526P
942 _cBK
999 _c581596
_d581596